| 000 | 00722nam a22001695i 4500 | ||
|---|---|---|---|
| 001 | 173938 | ||
| 003 | ES-MaACL | ||
| 005 | 20260127062553.0 | ||
| 008 | 100201s1900 sp |||| | spa d | ||
| 100 | 1 |
_aMaura y Montaner, Antonio, _d1853-1925 _979224 |
|
| 245 | 1 | 0 | _aDiscurso leído por Antonio Maura y Montaner presidente de la Real Academia de Jurisprudencia y Legislación en la sesión inaugural del curso de 1899-900 celebrada en 20 de enero de 1900. |
| 260 |
_aMadrid : _b[s.n.], _c1900 ( _fImp. de los Hijos de M. G. Hernández) |
||
| 300 |
_a47 p. ; _c24 cm. |
||
| 700 |
_aReal Academia de Jurisprudencia y Legislación de España _9217612 |
||
| 852 |
_aES-MaACL _jT-983-F-12 |
||
| 999 |
_c173938 _d173938 |
||